banner koha

Agronegócio do dendê: uma alternativa social, econômica e ambiental para o desenvolvimento da Amazônia (Registro n. 69643)

MARC details
000 -LÍDER
campo de controle de tamanho fixo 01008nam a22003257a 4500
001 - NÚMERO DE CONTROLE
campo de controle BR0602957
003 - IDENTIFICADOR DO NÚMERO DE CONTROLE
campo de controle BR-BrBNA
005 - DATA E HORÁRIO DA ÚLTIMA TRANSAÇÃO
campo de controle 20230928102214.0
007 - CAMPO FIXO DE DESCRIÇÃO FÍSICA--INFORMAÇÃO GERAL
campo de controle de tamanho fixo ta
008 - CAMPO DE DADOS FIXOS--INFORMAÇÃO GERAL
campo de controle de tamanho fixo 230509b bl.||||| |||| 00| 0 por d
040 ## - FONTE DA CATALOGAÇÃO
Instituição da catalogação original BR-BrBNA
Idioma da catalogação por
Instituição que transcreveu o registro Biblioteca Nacional de Agricultura
041 ## - CÓDIGO DE IDIOMA
Código do idioma do texto/trilha sonora ou título diferente (Spa, Eng, Por)
072 ## - CÓDIGO DE CATEGORIA DE ASSUNTO
Código de Categoria de Assunto E70
Código do objeto 0312
090 ## - NÚMERO DE CHAMADA LOCAL
-- 0312 BR0602957
100 1# - ENTRADA PRINCIPAL--NOME PESSOAL
Nome pessoal Müller, A.A.
100 1# - ENTRADA PRINCIPAL--NOME PESSOAL
Nome pessoal Furlan Júnior, J.(eds.)
110 1# - ENTRADA PRINCIPAL--NOME CORPORATIVO
Nome corporativo ou nome da jurisdição EMBRAPA Amazônia Oriental, Belém, PA (Brasil)
245 1# - TÍTULO
Título Agronegócio do dendê: uma alternativa social, econômica e ambiental para o desenvolvimento da Amazônia
260 3# - PUBLICAÇÃO, DISTRIBUIÇÃO, ETC.
Local de publicação, distribuição, etc. Belém, PA (Brasil):
Data da publicação, distribuição, etc. 2001.
300 ## - DESCRIÇÃO FÍSICA
Extensão 288 p.
500 ## - NOTA GERAL
Nota geral Several bibliography; 56 tables; 63 illus.
650 ## - ASSUNTO--TERMO TÓPICO
Cabeçalho tópico ou nome geográfico DENDÊ
650 ## - ASSUNTO--TERMO TÓPICO
Cabeçalho tópico ou nome geográfico AGRIBUSINESS
650 ## - ASSUNTO--TERMO TÓPICO
Cabeçalho tópico ou nome geográfico DESENVOLVIMENTO SUSTENTÁVEL
650 ## - ASSUNTO--TERMO TÓPICO
Cabeçalho tópico ou nome geográfico MERCADO MUNDIAL
650 ## - ASSUNTO--TERMO TÓPICO
Cabeçalho tópico ou nome geográfico TRANSFERÊNCIA DE TECNOLOGIA
650 ## - ASSUNTO--TERMO TÓPICO
Cabeçalho tópico ou nome geográfico ZONEAMENTO CLIMÁTICO
909 ## -
-- 202309
-- Lucia
-- 55
-- Lucia Elande
942 ## - ELEMENTOS DE ENTRADA ADICIONADOS (KOHA)
Tipo de material Koha Livros
Exemplares
Situação do descarte Fonte da classificação ou esquema de arquivamento na estante Situação física Não pode ser emprestado Coleção Biblioteca de origem Biblioteca atual Total de empréstimos Número de telefone completo Código de barras Data de último acesso Número do exemplar Tipo de material Koha Situação das perdas Data de aquisição Fonte de aquisição
  Classificação AGRIS       Biblioteca Nacional de Agricultura - Binagri Biblioteca Nacional de Agricultura - Binagri   0312 BR0602957 0312 BR0602957 25/09/2023 01 Livros   2023-09-25 Portaria Interministerial nº 164/94

BINAGRI

Telefone: (61)3218-2567/2388/3357/2097 - binagri@agro.gov.br

Ministério da Agricultura e Pecuária , Esplanada dos Ministérios, Bloco D, Anexo B, Brasília/DF, CEP: 70.043-900